Statistics for Shortest Country Name A-Z

Click here to take the quiz!

General Stats

  • This quiz has been taken 53,630 times
  • The average score is 19 of 24

Answer Stats

Letter Length Country % Correct
Y5Yemen
93%
O4Oman
93%
Q5Qatar
92%
Z6Zambia
90%
C4Chad/Cuba
90%
N5Nauru/Nepal/Niger
90%
L4Laos
86%
R6Russia/Rwanda
86%
V7Vanuatu/Vietnam
85%
M4Mali
85%
P4Peru
84%
F4Fiji
84%
S5Samoa/Spain/Sudan/Syria
84%
G5Ghana/Gabon
82%
D7Denmark
81%
I4Iran/Iraq
80%
J5Japan
79%
H5Haiti
79%
T4Togo
78%
U6Uganda
75%
B5Benin
66%
E5Egypt
61%
K5Kenya
59%
A6Angola
57%

Score Distribution

Percentile by Number Answered

Percent of People with Each Score

Your Score History

You have not taken this quiz